000 00861nam a2200253Ia 4500
003 OSt
005 20220923223254.0
006 a|||||r|||| 00| 0
007 ta
008 220922b |||||||| |||| 00| 0 hin d
024 _a212,712
037 _cTextual
040 _aARTS
_cARTS
_bhin
041 _2hin
_ahin
082 _aO152,3N251:g, M2
100 _aशखपवत, गोरधन सिंह
_9156274
245 0 _aमोहन राकेश की कहानी यात्रा
246 _aMohan rākesh kī kahānī yātrā
260 _aजयपुर
_b चिन्मय प्रका0
_c1982
300 _a116पृ.
_ccm.
650 _aहिन्दी साहित्य
_9156264
942 _hO152,3N251:g, M2
_cTEXL
_2CC
999 _c362986
_d362986